Statistics for Cover Songs #2

Click here to take the quiz!

General Stats

  • This quiz has been taken 75 times
    (58 since last reset)
  • The average score is 11 of 20

Answer Stats

SongCoverOriginal% Correct
AfricaWeezerToto
98%
Stayin' AliveOzzy Osbourne & Dweezil ZappaThe Bee Gees
96%
Sweet Dreams (Are Made of This)Marilyn MansonEurythmics
89%
Come TogetherAerosmithThe Beatles
85%
I'm a BelieverSmash MouthThe Monkees
81%
Ring of FireSocial DistortionJohnny Cash
79%
Iron ManThe CardigansBlack Sabbath
77%
Sympathy for the DevilGuns N' RosesRolling Stones
74%
Oh, Pretty WomanVan HalenRoy Orbison
74%
Nothing Compares 2 USinead O'ConnorPrince
60%
Live and Let DieGuns N' RosesWings
60%
Blue MondayOrgyNew Order
45%
Bad CompanyFive Finger Death PunchBad Company
43%
Blinded By the LightManfred Mann's Earth BandBruce Springsteen
34%
Turn the PageMetallicaBob Seger
30%
It's My LifeNo DoubtTalk Talk
26%
Hooked on a FeelingBlue SwedeB.J. Thomas
19%
Tainted LoveSoft CellGloria Jones
17%
Who Do You Love?George Thorogood and the DestroyersBo Diddley
13%
How I Could Just Kill a ManRage Against the MachineCypress Hill
13%

Score Distribution

Percentile by Number Answered

Percent of People with Each Score

Your Score History

You have not taken this quiz since the last reset